000
00287nam a2200133Ia 4500
082
_a
615
_b
E09G
100
_a
GOYAL, R.K.
245
_a
ELEMENTS OF PHARMACOLOGY
250
_a
9TH
260
_b
B.S. SHAH
_a
AHMEDABAD
_c
2009
300
_a
1-682
650
_a
PHARMACOLOGY
942
_2
ddc
_c
BK
_0
2
999
_c
259
_d
259